Co znamená Enterprise Content Management?

Správa a riadenie dokumentov a informácií. Charakteristika systému ECM. Klasifikácia základných systémov v ECM. Zavedenie ECM do praxe. Porovnanie situácie bez a s použitím Front-end. Integrovaný Front-end. Konkurenčné výhody.

Na minha lista:
Detalhes bibliográficos
Autor principal: Váňa, Pavel
Formato: Capítulo de Livro
Idioma:tcheco
Assuntos:
Tags: Adicionar Tag
Sem tags, seja o primeiro a adicionar uma tag!

MARC

LEADER 00000naa$a2200000$$$4500
001 0070265
005 20231010095057.6
041 0 |a cze 
044 |a CZ 
245 1 0 |a Co znamená Enterprise Content Management?  |c Pavel Váňa 
520 |a Správa a riadenie dokumentov a informácií. Charakteristika systému ECM. Klasifikácia základných systémov v ECM. Zavedenie ECM do praxe. Porovnanie situácie bez a s použitím Front-end. Integrovaný Front-end. Konkurenčné výhody. 
610 2 0 |a dokumenty 
610 2 0 |a informácie 
610 2 0 |a systémy informačné 
610 2 0 |a organizácie finančné 
610 2 0 |a výhody konkurenčné 
100 1 |a Váňa, Pavel